Datum a čas kvízu

30.5 Celkem bodů Celkový počet nahraných bodů na tomto kvízu bez doplňovacích otázek.
4. Pořadí na kvízu Konečné umístění týmu na tomto kvízu.

Zaznamenané odpovědi

# Otázka Odpověď Body Výsledky
1. Prezident Petr Pavel stanovil... 3. a 4. října (2025) 0
2. Minulý týden jsme byli informo... Magna Charta (Libertatum) 1
3. Který muž bude v příštích lete... Jiří Bartoška 0
4. Netradiční způsob přivítání zv... Albánie 0
5. Tým z jednoho krajského města... Brno, Nymburk 0
6. Podíváme se na pět reklam, z n... sázení (sázková kancelář, hazard) 1
7. Tento spot přijala veřejnost o... fazole 0
8. Spot je z roku 2014. Rada pro... T-Mobile 0
9. Tato televizní reklama na Fido... Karel Zich 0
10. Režisér Jakub Kohák natočil te... BESIP 1